| 000 | aam a22 a 4500 | ||
|---|---|---|---|
| 999 |
_c322705 _d322705 |
||
| 003 | BLK | ||
| 005 | 20210318104306.0 | ||
| 008 | 181012b bu ||||| |||| 00| 0 bu d | ||
| 020 | _a9789542824619 | ||
| 040 | _aBLK | ||
| 041 |
_aBUL _cBUL |
||
| 080 |
_aИкономическо положение. Конюнктура. Стопанска структура - Развитие. Икономически растеж . Вж и 330.33/.36 _b338.1 _x(510) _z338.1(510) |
||
| 080 |
_aСоциография. Социално положение. Условия на политическия и социалния живот. Социално и социално-икономическо положение на отделните страни, народи, раси. Социална география. (Общи въпроси) _b308 _x(510) _z308(510) |
||
| 100 |
_aПолсън, Хенри _eпърви автор _91299 |
||
| 139 |
_aПолсън, Хенри _bП 70 |
||
| 245 |
_aКитай - събуждането на един гигант _cХенри Полсън |
||
| 260 |
_bСиела _c2018 _aСофия |
||
| 300 |
_a480 с. _c23 см |
||
| 380 | _a3 | ||
| 490 |
_9209360 _aПоредица Власт и отговорност |
||
| 650 | 0 |
_9301999 _aИкономическо развитие - Китай |
|
| 651 | 7 |
_9179033 _aКитай |
|
| 653 | 7 |
_9187463 _aикономика |
|
| 700 |
_91021 _aДимитров, Христо _eпрев. от англ. |
||
| 852 | _aЦб II 293865 | ||
| 942 |
_cKNG _2udc _n0 _013 |
||
| 999 | _d322705 | ||
| 999 | _d322705 | ||
| 999 | _d322705 | ||
| 999 | _d322705 | ||